| 000 | 01514nam0a22003251 4500 | ||
|---|---|---|---|
| 001 | rc\2198969 | ||
| 005 | 20260406141357.0 | ||
| 035 | _a(NLR Aleph) 006541138 | ||
| 090 |
_a6637787 _c6637787 |
||
| 100 | _a20110826d1978 |||y0rusy50 ca | ||
| 101 | 0 | _arus | |
| 102 | _aRU | ||
| 105 | _ay ac ||||| | ||
| 200 | 1 |
_aБиблиографический указатель работ сотрудников НИИ ЭОСХП МСХ МССР, 1970-1975 гг. _fНИИ экономики и орг. с.-х. пр-ва _g[Сост. Л.С. Молодых] |
|
| 210 |
_aКишинев _cТимпул _d1978 |
||
| 215 |
_a66 с. _d20 |
||
| 606 |
_aСельское хозяйство _jУказатели литературы _yМССР _2psbo |
||
| 606 |
_aНаучно-исследовательские институты экономики и организации сельскохозяйственного производства _jУказатели работ _yМССР _2psbo |
||
| 686 |
_aУ9(2)320я1 _2rubbk |
||
| 686 |
_aУ9(2М)320я1 _2rubbk |
||
| 702 | 1 |
_aМолодых _bЛ.С. _4220 |
|
| 710 | 0 | 2 |
_aМолдавский НИИ экономики и организации сельскохозяйственного производства _cКишинев _3RU\NLR\AUTH\889920425 _9337055 |
| 801 | 0 |
_aRU _bNLR _gpsbo |
|
| 801 | 1 |
_aRU _bELAR _2rusmarc |
|
| 852 |
_aNLR _jс775-500/М-75 |
||
| 899 |
_aRuMoRGB _jБ 78-51/1115 |
||
| 899 |
_aRuMoRGB _jБ 78-51/1116 |
||
| 942 | _cBOOK | ||
| 980 | _aNB | ||